Prekladateľský slovník právo - ekonomika

Saved in:
Bibliographic Details
Main Author: Krenčeyová, Anna
Other Authors: Krenčey, Ivan
Format: Book
Language:German
Slovak
Published: Bratislava Vydavateľstvo Krenčey [2002]
Series:Slovníky
Subjects:
Tags: Add Tag
No Tags, Be the first to tag this record!

MARC

LEADER 00000nam$a2200000$$$4500
001 0006495
005 20240104103219.0
020 |a 80-88861-02-0 
041 0 |a ger 
041 0 |a slo 
044 |a SK 
245 1 0 |a Prekladateľský slovník právo - ekonomika  |c Anna Krenčeyová, Ivan Krenčey 
264 1 |a Bratislava  |b Vydavateľstvo Krenčey  |c [2002] 
300 |a 1000 s. 
490 1 |a Slovníky 
830 0 |a Slovníky 
610 2 0 |a právo 
610 2 0 |a ekonómia 
610 2 0 |a jazykoveda 
100 1 |a Krenčeyová, Anna 
700 1 |a Krenčey, Ivan